[Event "17. Open de Sants Hostafrancs 2015"]
[Site "Barcelona ESP"]
[Date "2015.08.27"]
[Round "7.39"]
[White "Lacroix, Romain"]
[Black "Valdes Romero, Leonardo"]
[Result "1-0"]
[WhiteElo "2201"]
[BlackElo "2396"]
[PlyCount "105"]
[EventDate "2015.08.21"]
[EventType "swiss"]
[EventRounds "10"]
[EventCountry "ESP"]
[SourceTitle "Ajedrez en Madrid"]
[Source "lmi"]
[SourceDate "2015.08.21"]

1. d4 Nf6 2. Nf3 d6 3. c4 Nbd7 4. Nc3 e5 5. e4 Be7 6. Be2 O-O 7. O-O c6 8. h3
a6 9. a4 a5 10. Qc2 Qc7 11. Re1 Re8 12. Be3 Bf8 13. Rad1 g6 14. Bf1 Bg7 15. g3
h5 16. c5 Bf8 17. cxd6 Bxd6 18. Bc4 Nh7 19. Qb3 Kg7 20. dxe5 Nxe5 21. Nxe5 Bxe5
22. Bb6 Qe7 23. f4 Bc7 24. Bd4+ Kg8 25. Kh2 h4 26. e5 hxg3+ 27. Kxg3 Ng5 28.
fxg5 Qxg5+ 29. Kh2 Qf4+ 30. Kg2 Bxh3+ 31. Kxh3 Qf3+ 32. Kh2 Kg7 33. Kg1 Qg4+
34. Kf1 c5 35. Bf2 Rh8 36. Bd5 Rh2 37. Ne2 Bxe5 38. Qf3 Qxf3 39. Bxf3 Bxb2 40.
Bxc5 Rc8 41. Bd4+ Bxd4 42. Rxd4 Rc5 43. Kg1 Rh8 44. Bxb7 Rg5+ 45. Kf2 Rh2+ 46.
Ke3 Rc5 47. Rf1 f5 48. Nf4 Rc3+ 49. Rd3 Rc4 50. Rg1 Rh4 51. Rxg6+ Kf8 52. Rf6+
Kg7 53. Rxf5 1-0

[Event "17. Open de Sants Hostafrancs 2015"]
[Site "Barcelona ESP"]
[Date "2015.08.27"]
[Round "7.40"]
[White "Cruz, Filemon"]
[Black "Gertosio, Franck"]
[Result "1-0"]
[WhiteElo "2395"]
[BlackElo "2198"]
[PlyCount "61"]
[EventDate "2015.08.21"]
[EventType "swiss"]
[EventRounds "10"]
[EventCountry "ESP"]
[SourceTitle "Ajedrez en Madrid"]
[Source "lmi"]
[SourceDate "2015.08.21"]

1. Nf3 d6 2. d4 f5 3. h4 Nf6 4. h5 Nbd7 5. Qd3 c5 6. e3 cxd4 7. exd4 e5 8. Qxf5
Qe7 9. Be2 e4 10. Ng5 Ne5 11. Qf4 Nc6 12. c3 h6 13. Nh3 Be6 14. Qg3 Qc7 15. Na3
Bf7 16. Nf4 d5 17. Nc2 Rg8 18. Qh3 Bd6 19. Ng6 a6 20. Ne3 Qd7 21. Qxd7+ Kxd7
22. Nf5 Bc7 23. Rh4 Be6 24. Ne3 b5 25. Ng4 Nxg4 26. Bxg4 b4 27. Bd1 bxc3 28.
bxc3 Bd8 29. Rh1 Bg5 30. Ba4 Kc7 31. Ba3 {ilegible (62)} 1-0

[Event "17. Open de Sants Hostafrancs 2015"]
[Site "Barcelona ESP"]
[Date "2015.08.27"]
[Round "7.41"]
[White "Alonso Garcia, Rene Marcial"]
[Black "Calvo Simon, Jorge"]
[Result "1-0"]
[WhiteElo "2339"]
[BlackElo "2169"]
[PlyCount "101"]
[EventDate "2015.08.21"]
[EventType "swiss"]
[EventRounds "10"]
[EventCountry "ESP"]
[SourceTitle "Ajedrez en Madrid"]
[Source "lmi"]
[SourceDate "2015.08.21"]

1. d4 Nf6 2. c4 g6 3. Nc3 Bg7 4. g3 d6 5. Bg2 O-O 6. Nf3 Nbd7 7. O-O e5 8. e4
exd4 9. Nxd4 Re8 10. h3 a6 11. Be3 Rb8 12. a4 Nc5 13. Qc2 a5 14. Rad1 Qe7 15.
Rfe1 Be6 16. b3 c6 17. f4 Bd7 18. Bf2 Rbd8 19. Kh2 Qf8 20. Nde2 Bc8 21. Bxc5
dxc5 22. e5 Bf5 23. Qc1 Nd7 24. g4 Be6 25. Ng3 f6 26. Nce4 fxe5 27. f5 gxf5 28.
gxf5 Bh6 29. Qc3 Bxf5 30. Nd6 Bf4 31. Kh1 Bg6 32. Nxb7 Nf6 33. Nxd8 Rxd8 34.
Qf3 Rd4 35. Ne2 Bh5 36. Qf2 Bxe2 37. Qxe2 Qd6 38. Rxd4 cxd4 39. Be4 Kf8 40. Qf3
Nxe4 41. Qxe4 Qg6 42. Qxg6 hxg6 43. b4 axb4 44. a5 d3 45. a6 d2 46. Rf1 d1=Q
47. Rxd1 Be3 48. Rb1 Ke7 49. Rxb4 Kd8 50. Rb7 Kc8 51. Re7 1-0

[Event "17. Open de Sants Hostafrancs 2015"]
[Site "Barcelona ESP"]
[Date "2015.08.27"]
[Round "7.42"]
[White "Aabling-Thomsen, Jakob"]
[Black "Valencia Jimenez, Jose"]
[Result "1-0"]
[WhiteElo "2333"]
[BlackElo "2068"]
[PlyCount "43"]
[EventDate "2015.08.21"]
[EventType "swiss"]
[EventRounds "10"]
[EventCountry "ESP"]
[SourceTitle "Ajedrez en Madrid"]
[Source "lmi"]
[SourceDate "2015.08.21"]

1. e4 g6 2. Nc3 c5 3. f4 Bg7 4. Nf3 a6 5. d4 cxd4 6. Nxd4 b5 7. Be3 Bb7 8. Be2
d6 9. Bf3 Nd7 10. O-O b4 11. Nd5 a5 12. Nb5 Rc8 13. Nxe7 Kxe7 14. Qxd6+ Ke8 15.
Rad1 Qe7 16. Qd2 Bf8 17. e5 Bxf3 18. Nd6+ Kd8 19. Nxc8 Kxc8 20. Rxf3 Nh6 21.
Qd5 Nf5 22. Qc6+ 1-0

[Event "17. Open de Sants Hostafrancs 2015"]
[Site "Barcelona ESP"]
[Date "2015.08.27"]
[Round "7.43"]
[White "Taylor, Adam C"]
[Black "Van Der Lende, Ilias"]
[Result "0-1"]
[WhiteElo "2189"]
[BlackElo "2332"]
[PlyCount "112"]
[EventDate "2015.08.21"]
[EventType "swiss"]
[EventRounds "10"]
[EventCountry "ESP"]
[SourceTitle "Ajedrez en Madrid"]
[Source "lmi"]
[SourceDate "2015.08.21"]

1. d4 e6 2. g3 d5 3. c4 dxc4 4. Bg2 c6 5. a4 a6 6. a5 Nf6 7. Nf3 c5 8. Qa4+ Bd7
9. Qxc4 Bb5 10. Qc3 Nc6 11. dxc5 Ne4 12. Qc2 Nxc5 13. Bd2 Rc8 14. Bc3 Nb4 15.
Qd1 Qxd1+ 16. Kxd1 Ba4+ 17. Rxa4 Nxa4 18. Nfd2 Be7 19. Bxb7 Rc7 20. Be4 O-O 21.
e3 f5 22. Bf3 Nd3 23. Ke2 Ndxb2 24. Bd4 Bb4 25. Nb3 Rc2+ 26. Kf1 Nd3 27. Be2
Nc1 28. Nxc1 Rxc1+ 29. Kg2 Rxh1 30. Kxh1 Rc8 31. Kg2 Rc1 32. Bd3 g6 33. f4 Nc5
34. Bxc5 Bxc5 35. Kf2 Bb4 36. Ke2 Bxa5 37. Na3 Rh1 38. Bxa6 Rxh2+ 39. Kd3 Be1
40. Bc4 Rd2+ 41. Kc3 Kf7 42. Nb5 Rd7+ 43. Kc2 h5 44. Nd4 Rxd4 45. exd4 Bxg3 46.
d5 exd5 47. Bxd5+ Kf6 48. Kd3 Bxf4 49. Ke2 g5 50. Kf3 Bb8 51. Bc6 g4+ 52. Kg2
h4 53. Bd7 h3+ 54. Kg1 g3 55. Bc6 g2 56. Bxg2 Ba7+ 0-1

[Event "17. Open de Sants Hostafrancs 2015"]
[Site "Barcelona ESP"]
[Date "2015.08.27"]
[Round "7.44"]
[White "Mundet Riera, Jaume"]
[Black "Delorme, Alban"]
[Result "1-0"]
[WhiteElo "2157"]
[BlackElo "2331"]
[PlyCount "115"]
[EventDate "2015.08.21"]
[EventType "swiss"]
[EventRounds "10"]
[EventCountry "ESP"]
[SourceTitle "Ajedrez en Madrid"]
[Source "lmi"]
[SourceDate "2015.08.21"]

1. d4 Nf6 2. Nf3 e6 3. g3 b6 4. Bg2 Bb7 5. O-O c5 6. c4 cxd4 7. Nxd4 Bxg2 8.
Kxg2 Bc5 9. Nc3 O-O 10. Bg5 h6 11. Bxf6 Qxf6 12. e3 Qg6 13. Qa4 h5 14. Rad1 f5
15. Nf3 f4 16. Ne5 Qg5 17. exf4 Rxf4 18. Nd3 Rf7 19. Ne4 Qf5 20. f3 Be7 21. Qb5
Qxb5 22. cxb5 d5 23. Nef2 a6 24. Rfe1 Rf6 25. Nf4 axb5 26. Nxe6 Rxa2 27. Nxg7
Rf7 28. Nf5 Rxf5 29. Rxe7 Nc6 30. Rc7 Na5 31. Nd3 Nc4 32. Re1 Rf7 33. Rc8+ Kg7
34. Re2 d4 35. f4 Ra1 36. Rd8 Ne3+ 37. Kf3 Nf5 38. Ree8 Nh6 39. Ne5 Rc7 40.
Rxd4 Rf1+ 41. Kg2 Re1 42. Rd2 h4 43. Red8 Nf5 44. g4 Ne7 45. R8d7 Rxd7 46. Rxd7
Kf8 47. Kh3 Re2 48. Kxh4 Rxh2+ 49. Kg5 Rxb2 50. Ng6+ Nxg6 51. Kxg6 b4 52. Rb7
b3 53. Rxb6 Rf2 54. f5 Rc2 55. f6 Ke8 56. Rb8+ Kd7 57. f7 Rf2 58. Rxb3 1-0

[Event "17. Open de Sants Hostafrancs 2015"]
[Site "Barcelona ESP"]
[Date "2015.08.27"]
[Round "7.45"]
[White "Ciornei, Dragos"]
[Black "Colon Garcia, Enrique"]
[Result "1/2-1/2"]
[WhiteElo "2136"]
[BlackElo "2328"]
[PlyCount "196"]
[EventDate "2015.08.21"]
[EventType "swiss"]
[EventRounds "10"]
[EventCountry "ESP"]
[SourceTitle "Ajedrez en Madrid"]
[Source "lmi"]
[SourceDate "2015.08.21"]

1. e4 c5 2. Nf3 d6 3. d4 cxd4 4. Nxd4 Nf6 5. Nc3 a6 6. Bc4 e6 7. Bb3 b5 8. f3
Be7 9. Be3 O-O 10. Qd2 Bd7 11. g4 Nc6 12. h4 Nxd4 13. Bxd4 a5 14. a4 b4 15. Ne2
Qc7 16. h5 e5 17. Be3 Be6 18. g5 Nd7 19. Ng3 Nc5 20. Bd5 Bxd5 21. Qxd5 Ne6 22.
Qd2 Rac8 23. Nf5 Rfe8 24. Rh2 Bf8 25. Qd5 g6 26. hxg6 hxg6 27. O-O-O gxf5 28.
exf5 Qc4 29. fxe6 fxe6 30. Qe4 Qxe4 31. fxe4 Rc4 32. Bb6 Rxe4 33. Bxa5 Ra8 34.
Bc7 Rxa4 35. Kb1 Ra6 36. Bd8 Bg7 37. b3 Rf4 38. Rdh1 e4 39. Bf6 Rxf6 40. gxf6
Bxf6 41. Kc1 Ra1+ 42. Kd2 Bg5+ 43. Ke2 Ra2 44. Kd1 Kg7 45. Rh7+ Kg6 46. Rh8 Ra5
47. Rf1 Rd5+ 48. Ke1 Rf5 49. Rg1 Kf6 50. Rf8+ Ke5 51. Rxf5+ Kxf5 52. Ke2 d5 53.
Ra1 Ke5 54. Ra8 Be7 55. Rg8 Kf5 56. Rf8+ Bf6 57. Rf7 Kg6 58. Rf8 Bc3 59. Ke3
Kg5 60. Rf1 Bf6 61. Rh1 Kg6 62. Rg1+ Kf5 63. Rg8 Ke5 64. Re8 Kd6 65. Ke2 Bb2
66. Kd2 e5 67. Rc8 Bd4 68. Ke2 Bc3 69. Kd1 Kd7 70. Rc5 Kd6 71. Rc8 Bd4 72. Rd8+
Kc6 73. Ke2 Bb6 74. Re8 Bc7 75. Rc8 Kb7 76. Re8 Bd6 77. Kd1 Kb6 78. Rc8 Kb5 79.
Re8 Kc6 80. Rc8+ Kd7 81. Rg8 Be7 82. Rh8 d4 83. Ke2 Kc6 84. Rc8+ Kd5 85. Rb8
Kc6 86. Rc8+ Kd7 87. Rg8 Ke6 88. Rg6+ Kd5 89. Rg4 Bc5 90. Rg7 Bd6 91. Rd7 e3
92. Rd8 Ke6 93. Rh8 Kf5 94. Rh5+ Ke4 95. Rh4+ Kd5 96. Kd3 Be7 97. Rg4 Bd8 98.
Rg7 Kd6 1/2-1/2

[Event "17. Open de Sants Hostafrancs 2015"]
[Site "Barcelona ESP"]
[Date "2015.08.27"]
[Round "7.46"]
[White "Karasik, Evgeni"]
[Black "Pile, Richard"]
[Result "0-1"]
[WhiteElo "2217"]
[BlackElo "2419"]
[PlyCount "84"]
[EventDate "2015.08.21"]
[EventType "swiss"]
[EventRounds "10"]
[EventCountry "ESP"]
[SourceTitle "Ajedrez en Madrid"]
[Source "lmi"]
[SourceDate "2015.08.21"]

1. d4 Nf6 2. Bg5 e6 3. e3 c5 4. c3 Nc6 5. Nd2 d5 6. Ngf3 h6 7. Bh4 Qb6 8. Qb3
Nh5 9. g4 g5 10. gxh5 gxh4 11. Qxb6 axb6 12. Rg1 Be7 13. Ne5 Nxe5 14. dxe5 Bd7
15. Bd3 b5 16. Ke2 c4 17. Bc2 b4 18. cxb4 Bxb4 19. a3 Bc5 20. Rg4 b5 21. Rag1
Ke7 22. Nf3 Rhb8 23. Rg7 b4 24. Nxh4 bxa3 25. bxa3 Rb2 26. Kd2 Rxa3 27. Rb1 c3+
28. Kc1 Raa2 29. Rxb2 Ba3 30. Kd1 cxb2 31. Ng6+ Kd8 32. Rg8+ Be8 33. Bb1 Ra1
34. Kc2 fxg6 35. hxg6 Ke7 36. g7 Ba4+ 37. Kc3 Rxb1 38. Re8+ Bxe8 39. g8=Q Rc1+
40. Kd2 Bb4+ 41. Ke2 Bh5+ 42. f3 Rc2+ 0-1

[Event "17. Open de Sants Hostafrancs 2015"]
[Site "Barcelona ESP"]
[Date "2015.08.27"]
[Round "7.47"]
[White "Perske, Thore"]
[Black "Jordan Martinez, Miguel"]
[Result "1-0"]
[WhiteElo "2408"]
[BlackElo "2222"]
[PlyCount "75"]
[EventDate "2015.08.21"]
[EventType "swiss"]
[EventRounds "10"]
[EventCountry "ESP"]
[SourceTitle "Ajedrez en Madrid"]
[Source "lmi"]
[SourceDate "2015.08.21"]

1. e4 e6 2. d4 d5 3. Nd2 Nf6 4. e5 Nfd7 5. c3 c5 6. f4 Nc6 7. Ndf3 Qb6 8. a3
cxd4 9. cxd4 a5 10. b3 Be7 11. h4 f5 12. h5 Nf8 13. Bd3 Bd7 14. Ne2 Nd8 15. Nc3
Nf7 16. Bd2 Nh6 17. a4 Bb4 18. Nb5 Bxd2+ 19. Qxd2 Bxb5 20. Bxb5+ Nd7 21. Rc1
Ke7 22. b4 Rhc8 23. Rxc8 Rxc8 24. bxa5 Qc7 25. Qb4+ Kf7 26. O-O Nf8 27. a6 b6
28. Qd6 Kg8 29. Qxc7 Rxc7 30. Rb1 Kf7 31. Nd2 Ke7 32. Nb3 Nf7 33. a5 bxa5 34.
Nxa5 Nd8 35. Nb7 Rc8 36. Nxd8 Kxd8 37. Bc6 Kc7 38. a7 1-0

[Event "17. Open de Sants Hostafrancs 2015"]
[Site "Barcelona ESP"]
[Date "2015.08.27"]
[Round "7.48"]
[White "Roser, Kevin"]
[Black "Bru Rullo, Llatzer"]
[Result "1/2-1/2"]
[WhiteElo "2404"]
[BlackElo "2208"]
[PlyCount "98"]
[EventDate "2015.08.21"]
[EventType "swiss"]
[EventRounds "10"]
[EventCountry "ESP"]
[SourceTitle "Ajedrez en Madrid"]
[Source "lmi"]
[SourceDate "2015.08.21"]

1. e4 e6 2. d4 d5 3. Nc3 Nf6 4. e5 Nfd7 5. f4 c5 6. Nf3 Nc6 7. Be3 a6 8. Qd2 b5
9. dxc5 Bxc5 10. Bd3 d4 11. Nxd4 Nxd4 12. Ne4 Kf8 13. Bxd4 Bxd4 14. Qb4+ Bc5
15. Nxc5 Qe7 16. Nxd7+ Bxd7 17. Qxe7+ Kxe7 18. Be4 Rac8 19. O-O-O Rc4 20. Rhe1
Rhc8 21. Rd2 Ra4 22. Kb1 Rac4 23. g3 h6 24. h4 R8c7 25. Re3 Be8 26. b3 R4c5 27.
a3 g6 28. Kb2 Rc8 29. Bb7 Rb8 30. Bf3 Rbc8 31. Be2 R5c7 32. Bf3 Bc6 33. Bxc6
Rxc6 34. Red3 R8c7 35. Rd6 f6 36. Rd8 fxe5 37. Rh8 exf4 38. Rxh6 e5 39. gxf4
exf4 40. Rf2 Kf6 41. Rh8 Kg7 42. Re8 Rf6 43. Re4 Rcf7 44. Kc3 Kh6 45. Kd3 Kh5
46. Ke2 Kxh4 47. Kf3 Kg5 48. Rh2 Kf5 49. Rxf4+ Ke5 1/2-1/2

[Event "17. Open de Sants Hostafrancs 2015"]
[Site "Barcelona ESP"]
[Date "2015.08.27"]
[Round "7.49"]
[White "Povill Claros, Xavier"]
[Black "Majdan-Gajewska, Joanna"]
[Result "1/2-1/2"]
[WhiteElo "2200"]
[BlackElo "2391"]
[PlyCount "80"]
[EventDate "2015.08.21"]
[EventType "swiss"]
[EventRounds "10"]
[EventCountry "ESP"]
[SourceTitle "Ajedrez en Madrid"]
[Source "lmi"]
[SourceDate "2015.08.21"]

1. d4 d5 2. c4 e6 3. Nc3 c6 4. cxd5 exd5 5. Bf4 Bd6 6. Bxd6 Qxd6 7. Qc2 Ne7 8.
e3 Bf5 9. Bd3 Bxd3 10. Qxd3 Nd7 11. Nf3 O-O 12. O-O Ng6 13. Rab1 f5 14. b4 b5
15. a4 a6 16. a5 Rae8 17. g3 Qf6 18. Ne2 Ne7 19. Rbc1 g5 20. Qc3 Qg7 21. Kh1
Nf6 22. Ne5 Ne4 23. Qc2 Kh8 24. Rce1 Rf6 25. Nc1 f4 26. f3 Nd6 27. exf4 gxf4
28. g4 Nc4 29. Ncd3 Ng6 30. Nxg6+ Qxg6 31. Rxe8+ Qxe8 32. Re1 Re6 33. Ne5 Ne3
34. Qc3 Nc4 35. Qc1 Qf8 36. Nxc4 Rxe1+ 37. Qxe1 dxc4 38. Qe5+ Kg8 39. Qg5+ Kh8
40. Qe5+ Kg8 1/2-1/2

[Event "17. Open de Sants Hostafrancs 2015"]
[Site "Barcelona ESP"]
[Date "2015.08.27"]
[Round "7.50"]
[White "Soraas, Torben"]
[Black "Hernando Rodrigo, Julio Antoni"]
[Result "0-1"]
[WhiteElo "2194"]
[BlackElo "2389"]
[PlyCount "108"]
[EventDate "2015.08.21"]
[EventType "swiss"]
[EventRounds "10"]
[EventCountry "ESP"]
[SourceTitle "Ajedrez en Madrid"]
[Source "lmi"]
[SourceDate "2015.08.21"]

1. e4 e6 2. d4 d5 3. Nd2 c5 4. exd5 exd5 5. Ngf3 Nc6 6. Bb5 Bd6 7. dxc5 Bxc5 8.
Nb3 Bd6 9. O-O Nge7 10. Bg5 O-O 11. Bh4 Bg4 12. Re1 Re8 13. Bd3 h6 14. Bg3 Bxg3
15. hxg3 Qb6 16. Qd2 Rad8 17. Qf4 Bxf3 18. gxf3 Qb4 19. Qc7 Rc8 20. Qd7 Red8
21. Qg4 Qd6 22. Rad1 Qf6 23. f4 Qxb2 24. Nd4 Kf8 25. Nxc6 Rxc6 26. Rb1 Qc3 27.
Re5 Rc7 28. Rbe1 Nc6 29. Qh4 Rb8 30. R5e3 Qf6 31. Qh2 Re7 32. Rxe7 Nxe7 33. g4
Qc3 34. Re3 d4 35. Rh3 Re8 36. g5 Ng8 37. f5 Qe1+ 38. Kg2 Qe5 39. f4 Qe1 40.
Rf3 Re3 41. f6 Rxf3 42. Kxf3 Qe3+ 43. Kg4 h5+ 44. Kxh5 Qf3+ 45. Kh4 gxf6 46. g6
fxg6 47. Bxg6 Ne7 48. f5 Nxg6+ 49. fxg6 Kg7 50. Qb8 Qe4+ 51. Kh3 Qf5+ 52. Kh4
Qe4+ 53. Kh3 a6 54. Qc8 Kxg6 0-1

[Event "17. Open de Sants Hostafrancs 2015"]
[Site "Barcelona ESP"]
[Date "2015.08.27"]
[Round "7.51"]
[White "Diaz Camallonga, Carles"]
[Black "Subirats Ruiz, Sergi"]
[Result "1-0"]
[WhiteElo "2358"]
[BlackElo "2203"]
[PlyCount "123"]
[EventDate "2015.08.21"]
[EventType "swiss"]
[EventRounds "10"]
[EventCountry "ESP"]
[SourceTitle "Ajedrez en Madrid"]
[Source "lmi"]
[SourceDate "2015.08.21"]

1. e4 e6 2. d4 d5 3. Nc3 Bb4 4. e5 c5 5. Bd2 Ne7 6. Nb5 Bxd2+ 7. Qxd2 O-O 8. f4
Nf5 9. dxc5 Nd7 10. Qc3 b6 11. c6 Nc5 12. Nf3 Ba6 13. Nbd4 Ne4 14. c7 Qe7 15.
Nxf5 exf5 16. Qd4 Bxf1 17. Rxf1 Rac8 18. O-O-O Rxc7 19. Qxd5 Rfc8 20. Nd4 g6
21. Kb1 Qb4 22. Ka1 Nc3 23. bxc3 Qxc3+ 24. Kb1 Rc4 25. Rf2 a5 26. e6 Rb4+ 27.
Nb3 a4 28. exf7+ Kg7 29. f8=Q+ Kxf8 30. Qd6+ Kf7 31. Re2 Re4 32. Qd5+ Kf8 33.
Qd6+ Kf7 34. Qd7+ Kf8 35. Red2 axb3 36. cxb3 Re7 37. Qxc8+ Qxc8 38. Rd8+ Qxd8
39. Rxd8+ Kf7 40. Rd2 Re4 41. g3 h6 42. Kc2 g5 43. fxg5 hxg5 44. Kd3 Kf6 45.
Re2 Rb4 46. Ke3 Re4+ 47. Kf3 Rd4 48. Rc2 Ke5 49. Ke2 Re4+ 50. Kf2 Kd5 51. Rc4
Re8 52. a4 Rh8 53. h4 gxh4 54. Rxh4 Rc8 55. Rb4 Rc6 56. Kf3 Ke6 57. Kf4 Rd6 58.
Rc4 Kd7 59. Ke5 Re6+ 60. Kxf5 Re3 61. Rd4+ Ke7 62. Re4+ 1-0

[Event "17. Open de Sants Hostafrancs 2015"]
[Site "Barcelona ESP"]
[Date "2015.08.27"]
[Round "7.52"]
[White "Carrasco Rodriguez, Jesus"]
[Black "Vuilleumier, Alexandre"]
[Result "1/2-1/2"]
[WhiteElo "2168"]
[BlackElo "2357"]
[PlyCount "68"]
[EventDate "2015.08.21"]
[EventType "swiss"]
[EventRounds "10"]
[EventCountry "ESP"]
[SourceTitle "Ajedrez en Madrid"]
[Source "lmi"]
[SourceDate "2015.08.21"]

1. e4 c5 2. Nf3 d6 3. d4 cxd4 4. Nxd4 Nf6 5. Nc3 Nc6 6. Be2 e5 7. Nb3 Be7 8.
Be3 O-O 9. g4 Be6 10. g5 Nd7 11. Qd2 a5 12. a4 Nb4 13. Nd5 Rc8 14. c3 Nxd5 15.
exd5 Bf5 16. Rg1 b6 17. Bg4 Bxg4 18. Rxg4 f5 19. gxf6 Nxf6 20. Rg1 Qc7 21. Qd3
Rf7 22. Nd2 Qb7 23. c4 e4 24. Qd4 Nd7 25. Qxe4 Bf6 26. O-O-O Nc5 27. Qc2 Qd7
28. b3 Qe7 29. Rde1 Qe5 30. Bxc5 Qa1+ 31. Qb1 Qc3+ 32. Qc2 Qa1+ 33. Qb1 Qc3+
34. Qc2 Qa1+ 1/2-1/2

[Event "17. Open de Sants Hostafrancs 2015"]
[Site "Barcelona ESP"]
[Date "2015.08.27"]
[Round "7.53"]
[White "Lemeaux, David"]
[Black "Chirivi C, Jenny Astrid"]
[Result "1-0"]
[WhiteElo "2324"]
[BlackElo "2202"]
[PlyCount "55"]
[EventDate "2015.08.21"]
[EventType "swiss"]
[EventRounds "10"]
[EventCountry "ESP"]
[SourceTitle "Ajedrez en Madrid"]
[Source "lmi"]
[SourceDate "2015.08.21"]

1. d4 d5 2. c4 c6 3. Nf3 Nf6 4. e3 e6 5. Nc3 Nbd7 6. b3 Bd6 7. Be2 O-O 8. O-O
Re8 9. Bb2 b6 10. Qc2 Bb7 11. Rad1 Qe7 12. e4 dxe4 13. Nxe4 Nxe4 14. Qxe4 f5
15. Qc2 c5 16. Rfe1 Be4 17. Qd2 Rad8 18. Ng5 Nf6 19. d5 exd5 20. cxd5 Bxg2 21.
Kxg2 Ne4 22. Nxe4 fxe4 23. Qe3 Rf8 24. Qh3 Rf7 25. Rg1 Rdf8 26. Rdf1 e3 27. f3
Kh8 28. Bd3 1-0

[Event "17. Open de Sants Hostafrancs 2015"]
[Site "Barcelona ESP"]
[Date "2015.08.27"]
[Round "7.54"]
[White "Sanz Rodero, Mikel"]
[Black "Paramzina, Anastasya"]
[Result "1-0"]
[WhiteElo "2150"]
[BlackElo "2303"]
[PlyCount "93"]
[EventDate "2015.08.21"]
[EventType "swiss"]
[EventRounds "10"]
[EventCountry "ESP"]
[SourceTitle "Ajedrez en Madrid"]
[Source "lmi"]
[SourceDate "2015.08.21"]

1. d4 d5 2. Bf4 Nf6 3. e3 c5 4. c3 Qb6 5. Qb3 c4 6. Qc2 Nc6 7. Nd2 Bg4 8. Be2
Bxe2 9. Nxe2 e6 10. O-O Be7 11. Ng3 O-O 12. e4 Qd8 13. Bg5 b5 14. e5 Nd7 15.
Bxe7 Qxe7 16. f4 g6 17. Rae1 b4 18. Qd1 bxc3 19. bxc3 Qa3 20. Re3 Qxa2 21. Nf3
Rab8 22. Ng5 Rb2 23. Qf3 h6 24. Nh3 Ne7 25. f5 exf5 26. Nf4 Nb6 27. e6 a5 28.
Rfe1 Rb1 29. h4 Kh7 30. Kh2 Rxe1 31. Rxe1 a4 32. exf7 Rxf7 33. Re6 Qb2 34. h5
g5 35. Ng6 Ng8 36. Ne5 Rf8 37. Ng6 Rf7 38. Ne5 Rf8 39. Rc6 Ne7 40. Ng6 Nxc6 41.
Nxf8+ Kg8 42. Qxf5 Qa3 43. Ne6 Qe7 44. Qg6+ Kh8 45. Nf5 Qb7 46. Qe8+ Kh7 47.
Nf8+ 1-0

[Event "17. Open de Sants Hostafrancs 2015"]
[Site "Barcelona ESP"]
[Date "2015.08.27"]
[Round "7.55"]
[White "Santarius, Erik F"]
[Black "Juan Bartroli, Pau"]
[Result "1-0"]
[WhiteElo "2302"]
[BlackElo "2195"]
[PlyCount "75"]
[EventDate "2015.08.21"]
[EventType "swiss"]
[EventRounds "10"]
[EventCountry "ESP"]
[SourceTitle "Ajedrez en Madrid"]
[Source "lmi"]
[SourceDate "2015.08.21"]

1. e4 c6 2. Nc3 d5 3. Nf3 Bg4 4. h3 Bxf3 5. Qxf3 e6 6. d3 Nd7 7. Bd2 Ngf6 8.
O-O-O Bb4 9. a3 Be7 10. g4 h6 11. Bg2 d4 12. Ne2 Qb6 13. h4 h5 14. g5 Ng4 15.
Bh3 Nc5 16. Nxd4 Rd8 17. Bc3 Na4 18. g6 O-O 19. Ne2 fxg6 20. Qg3 Nxc3 21. Nxc3
Bd6 22. Qg1 Bf4+ 23. Kb1 Be5 24. Bxg4 hxg4 25. Na4 Qa5 26. Qxg4 Rf6 27. Qg5
Rxf2 28. d4 Rdf8 29. Qxe5 Qxa4 30. Qxe6+ Kh7 31. b3 Qxa3 32. h5 g5 33. Qg6+ Kg8
34. h6 Qe7 35. hxg7 Qxg7 36. Qe6+ R8f7 37. e5 g4 38. d5 1-0

[Event "17. Open de Sants Hostafrancs 2015"]
[Site "Barcelona ESP"]
[Date "2015.08.27"]
[Round "7.56"]
[White "Congiu, Mathilde"]
[Black "Malassagne, Isabelle"]
[Result "1/2-1/2"]
[WhiteElo "2301"]
[BlackElo "2171"]
[PlyCount "100"]
[EventDate "2015.08.21"]
[EventType "swiss"]
[EventRounds "10"]
[EventCountry "ESP"]
[SourceTitle "Ajedrez en Madrid"]
[Source "lmi"]
[SourceDate "2015.08.21"]

1. e4 e5 2. Nf3 Nc6 3. Bc4 Nf6 4. O-O Bc5 5. d4 Bxd4 6. Nxd4 Nxd4 7. Bg5 d6 8.
f4 Be6 9. Na3 Qe7 10. fxe5 dxe5 11. c3 Nc6 12. Bxf6 gxf6 13. Kh1 Rg8 14. Bxe6
fxe6 15. Nc4 Rg6 16. b4 a6 17. a4 Rd8 18. Qe2 Rd7 19. b5 Nb8 20. Na5 c6 21.
Rab1 axb5 22. axb5 c5 23. Nc4 Rd8 24. Rbd1 Rxd1 25. Rxd1 Kf7 26. Qd2 Rg8 27.
Qh6 Rg7 28. Nd6+ Kg8 29. Nc8 Qf8 30. Nb6 Rf7 31. Qh3 Qe8 32. Qd3 Kg7 33. h3 h6
34. Kh2 h5 35. Qe2 Re7 36. Rd3 Kh7 37. Qd1 Qg6 38. Rg3 Qe8 39. h4 Rg7 40. Rxg7+
Kxg7 41. Qd6 Qxb5 42. Qe7+ Kg6 43. Qxe6 Qf1 44. Nd5 Nc6 45. Qg8+ Kh6 46. Qf8+
Kg6 47. Qe8+ Kh6 48. Qf7 Qf2 49. Qf8+ Kg6 50. Qg8+ Kh6 1/2-1/2

[Event "17. Open de Sants Hostafrancs 2015"]
[Site "Barcelona ESP"]
[Date "2015.08.27"]
[Round "7.57"]
[White "Vidal, Llewellyn"]
[Black "Faerman, Igor"]
[Result "1-0"]
[WhiteElo "2117"]
[BlackElo "2297"]
[PlyCount "61"]
[EventDate "2015.08.21"]
[EventType "swiss"]
[EventRounds "10"]
[EventCountry "ESP"]
[SourceTitle "Ajedrez en Madrid"]
[Source "lmi"]
[SourceDate "2015.08.21"]

1. c4 Nf6 2. Nc3 c5 3. g3 g6 4. Bg2 Bg7 5. e3 O-O 6. Nge2 d6 7. O-O Nc6 8. d4
cxd4 9. exd4 Bf5 10. h3 h5 11. Be3 e5 12. Qd2 Qa5 13. Rfd1 a6 14. a3 Rac8 15.
b4 Qc7 16. Rac1 Qd7 17. Kh2 exd4 18. Nxd4 Ne5 19. Nd5 Nxd5 20. Nxf5 Nxe3 21.
Nxe3 Rfd8 22. Qd5 h4 23. Qxb7 hxg3+ 24. fxg3 Rc7 25. Qe4 Qa4 26. c5 Qxa3 27.
Nd5 Ra7 28. c6 Kf8 29. c7 Rc8 30. Rf1 Qd3 31. Qh4 1-0

[Event "17. Open de Sants Hostafrancs 2015"]
[Site "Barcelona ESP"]
[Date "2015.08.27"]
[Round "7.58"]
[White "Jaksland, Tim"]
[Black "Fernandez Madrid, Carlos"]
[Result "1-0"]
[WhiteElo "2292"]
[BlackElo "2168"]
[PlyCount "95"]
[EventDate "2015.08.21"]
[EventType "swiss"]
[EventRounds "10"]
[EventCountry "ESP"]
[SourceTitle "Ajedrez en Madrid"]
[Source "lmi"]
[SourceDate "2015.08.21"]

1. Nf3 d6 2. d4 Bg4 3. c4 Bxf3 4. gxf3 Nd7 5. Nc3 e5 6. f4 exd4 7. Qxd4 Ngf6 8.
Bg2 c6 9. e3 Be7 10. b3 Qb6 11. Qd2 Nc5 12. O-O O-O 13. Rb1 d5 14. cxd5 cxd5
15. Nxd5 Nxd5 16. Qxd5 Rad8 17. Qh5 Nd3 18. Bb2 Nxb2 19. Rxb2 Qc7 20. Be4 g6
21. Qf3 b5 22. Rc2 Qd6 23. Rc6 Qa3 24. Qe2 Rd6 25. Rxd6 Bxd6 26. Rd1 a6 27. Qc2
Be7 28. Rd7 Rd8 29. Rxd8+ Bxd8 30. Qc8 Qd6 31. Qc2 b4 32. Bd3 a5 33. Bc4 Bc7
34. h3 Kg7 35. Qe4 Qd7 36. Kg2 Qd8 37. Qc6 h6 38. Kf3 Qd1+ 39. Kg2 Qd8 40. Qe4
Qd7 41. Bd5 Qd6 42. Qd4+ Qf6 43. Qc4 Qd6 44. Bxf7 g5 45. Bh5 gxf4 46. Qf7+ Kh8
47. Bg6 Qc6+ 48. f3 1-0